00676nam a22002297a 450000500170000001000130001702000110003003500130004103700160005404000120007008200180008210000230010024501010012325000120022426000270023627000530026330000250031650000330034165000190037465000280039370000250042120170124105929.0 aA-576017 c150.00 aA-576017 bCen Lib/Ret aDPLbEN a390.954bDUB  aDubois, Abbe J. A. aHindu manners, customs and ceremonies /cby Abbe J. A. Dubois; translated by Hennry K. Beauchamp a3rd ed. aCalcutta bRupa c1906 bCalcutta a15, Bankim Chatterjee Street e700073 axli, 842p.c20cm(Hb) aIncludes appendix and index  aHindu manners  aTraditions and customs  aBeauchamp, Hennry K.